Score 0/44 Timer 06:00
0 Plays Today
Clue Answer % Correct
ǂ American-made car ǂFORD
91.7%
Pests who may raid your picnicANTS
81.8%
____-lock brakesANTI
80.6%
Performer who never speaksMIME
78.1%
Stiller & AffleckBENS
77.4%
Be flexibleBEND
75.8%
Papa's partnerMAMA
75.5%
Green gemstoneJADE
75.5%
After dinner candyMINT
75%
ǂ German-made car ǂAUDI
74.9%
Yul Brynner film 'The King ____' (2 wds.)AND I
74.1%
Wife of Will SmithJADA
73%
Places to rent (abbrev.)APTS
72.4%
Members of a swarmBEES
72%
Shirts for summertimeTEES
69.2%
To resist or ward offFEND
68.4%
Actress Rogers who was once married to Tom CruiseMIMI
67.4%
ǂ British-made car ǂMINI
67.3%
AffectionateFOND
67.1%
Auntie on BroadwayMAME
67.1%
Dench who plays M in Bond filmsJUDI
67.1%
Book before RevelationJUDE
66.4%
Clue Answer % Correct
ǂ Italian-made car ǂFIAT
65.2%
It means 'very' in FrenchTRÈS
62.8%
Bit of baseball infoSTAT
60%
Rocks extracted from minesORES
57.3%
DrizzleMIST
56.4%
Cut with a knifeSTAB
55.4%
ǂ Swedish-made car ǂSAAB
55.4%
Chuck Norris assetFIST
55.3%
Someone who gazes into a crystal ballSEER
53.8%
Burn the surfaceSEAR
53.6%
Makes a choiceOPTS
53.2%
AchievementFEAT
52.4%
ǂ Spanish-made car ǂSEAT
48.3%
ǂ American-made car ǂJEEP
47%
Former pitcher HershiserOREL
46.8%
Taunt or mockJEER
44.7%
____ Hari (WWI accused spy)MATA
44.4%
Unlocks, to a poetOPES
43.3%
ǂ German-made car ǂOPEL
43.1%
'Look what I did!'TA-DA
41.3%
River in western GermanySAAR
39.8%
ǂ Indian-made car ǂTATA
34.4%

Today's Daily Dose

Missing Word
I Hardly Know Her!

Word Ladder
Sentence Ending

Quick Pick
Female Firsts

Get the Picture
Triathlon Sports

Remove Ads.
Support Sporcle.
Get the best of Sporcle when you Go Orange. This ad-free experience offers more features, more stats, and more fun while also helping to support Sporcle. Thank you for becoming a member.

You're not logged in!

Compare scores with friends on all Sporcle quizzes.
OR
Log In

Show Comments

Extras

Top Quizzes Today


Score Distribution

Your Account Isn't Verified!

In order to create a playlist on Sporcle, you need to verify the email address you used during registration. Go to your Sporcle Settings to finish the process.

Report this User

Report this user for behavior that violates our Community Guidelines.

Details: